000 00355nam a2200145Ia 4500
008 230917s9999||||xx |||||||||||||| ||und||
040 _e129994
_aMAIN
041 _aEnglish
082 _a780.5 S58S
100 _aLaxminarayan Garg
245 0 _aSangeet varsh 49 ank 1-2, 1975
260 _aHathras
_bSangeet Karyalaya
300 _a260p p.
942 _cBK
999 _c38528
_d38528